00262nam a22001097a 4500008004100000020001700041082001100058100001800069245003200087260002500119300000800144230915b |||||||| |||| 00| 0 eng d a81-8805702-9 a105.32 aPappas Murray aVisual C++ 6cPappas Murray aNew DelhibTMHc1999 a989